Dráma vo výchove, vzdelávaní a v terapii

Bibliographic Details
Main Author: Majzlanová, Katarína (Author)
Format: Article
Language:Slovak
Subjects:

MARC

LEADER 00000nab a2200000 a 4500
001 vtls001509219
003 SK-MaSNL
005 20260305042009.0
008 250505s2000 xo 000 0 slo
035 |a SPKCL11546 
035 |a (urnnbn)urn:nbn:sk:snk:ar-a07mho 
035 |a (uuid)115683c9-e885-4caa-b513-52d865dd403b 
035 |a urn:nbn:sk:snk-ab8a6k 
040 |a SNKBUCL  |b slo  |c SNKBUCL  |e AACR2 
041 0 |a slo 
044 |a xo  |c SK 
080 |a 376:371.383.1  |2 1981 
100 1 |a Majzlanová, Katarína  |4 aut  |9 7426 
245 1 0 |a Dráma vo výchove, vzdelávaní a v terapii  |c Katarína Majzlanová 
650 0 7 |a zdravotne postihnuté osoby  |2 snkbucl  |9 1249 
650 0 7 |a liečebná pedagogika  |2 snkbucl  |9 69067 
650 0 7 |a dramatická výchova  |2 snkbucl  |9 4012 
773 0 |t Efeta - otvor sa  |g Roč. 10, č. 4 (2000), s. 2-4 
850 |a Slovenská národná knižnica 
852 |a Slovenská národná knižnica 
954 |a odborná, vedecká literatúra pôvodná (slovenská)  |2 lita 
958 |a article9 
958 |a OND 
958 |a EUIPO 
999 |c 3345839  |d 3347769